000 00443nam a2200193Ia 4500
005 20240823012536.0
008 240823s9999||||xx |||||||||||||| ||und||
020 _a81-900461-8-7
041 _aENGLISH
082 _A050 P3
100 _aManorama
245 0 _aManorama Yearbook 2003
250 _a1st
260 _c2003
_bMan
_aKottayam
500 _aTRANSFERED
650 _aGeneral Studies
_bGeneral
942 _cBK
999 _c164694
_d164694